000 01165cam a2200313 i 4500
001 9400
003 BD-RjUL
005 20211208234754.0
008 140120r1961 nyua b 001 0 eng
020 _a0882756001
035 _a(BD-RjUL)9445
040 _aDLC
_cDLC
_dDLC
_dBD-RjUL
_beng
041 _aeng
082 0 0 _a539.7
_bHAE 1961
100 1 _aHarnwell, G. P.
_q(Gaylord Probasco),
_d1903-1982.
_927907
245 1 0 _aExperimental atomic physics /
_cby G. P. Harnwell and J. J. Livingood.
260 _aNew York :
_bMcGraw-Hill,
_cc1933, 1961.
300 _axiii, 472 p. :
_bill. ;
_c24 cm.
490 _aInternational series in pure and applied physics.
500 _aReprint of the 1933 ed. published by McGraw-Hill, New York, in series: International series in physics.
504 _aIncludes bibliographical references and indexes.
650 0 _aRadiation
_xMeasurement.
_927949
650 0 _aMatter
_xProperties.
_923861
700 1 _aLivingood, John J.
_q(John Jacob),
_d1903-
_ejoint author.
_929126
740 0 _aAtomic physics.
830 _aInternational series in pure and applied physics
_9154746
942 _2ddc
_cBK
999 _c9400
_d9400